| 000 | 00571nam a22001933a 4500 | ||
|---|---|---|---|
| 005 | 20251021064005.0 | ||
| 008 | 010802s1977 mx fr 000 0 spa d | ||
| 035 | _aUPN01000110455 | ||
| 049 | _aCE | ||
| 050 | 4 |
_aZ675 U5 _bG3.4 |
|
| 100 | 1 |
_aGarza Mercado, Ario, _d1936- _933667 |
|
| 245 | 1 | 0 |
_aFunción y forma de la biblioteca universitaria / _cArio Garza Mercado. |
| 260 |
_aMéxico : _bEl Colegio de México, _c[1977]. |
||
| 300 |
_a76 p. : _bil. |
||
| 440 | 0 |
_aJornadas ; _v83 |
|
| 500 | _aFotocopia | ||
| 650 | 4 |
_aBibliotecas universitarias _93062 |
|
| 905 | _aLibro | ||
| 999 |
_c84364 _d84364 |
||